000
00234nam a2200097Ia 4500
001
1205856
005
20251009141854.0
008
250824s9999 xx 000 0 und d
245
0
_a
BABAMA
_c
AYŞE KULİN
260
_b
EVEREST YAYINLARI
999
_c
1205856
_d
1205856